000 00670nam a2200229 a 4500
001 7196
003 BD-RjUL
005 20211208234358.0
008 170503s1953 nyua b 000 0 eng d
035 _a(BD-RjUL)7238
040 _aDLC/ICU
_cICU
_dDLC
_d(BD-RjUL)
_beng
041 _aeng
082 0 0 _a518.63
_bSHI 1953
_223
100 1 _aShaw, F. S.
_q(Frederick S.)
_922520
245 1 3 _aAn introduction to relaxation methods /
_cShaw, F. S.
260 _aNew York :
_bDover Publications,
_c1953
300 _a396 p. :
_bill. ;
_c21 cm.
504 _aIncludes bibliography.
650 0 _aRelaxation methods (Mathematics)
_922521
942 _2ddc
_cBK
999 _c7196
_d7196